| 000 | 00669nam a2200229Ii 4500 | ||
|---|---|---|---|
| 003 | JO-AjNU | ||
| 008 | 230606s9999||||xx |||||||||||||| ||und|| | ||
| 017 | _a4309/1989 | ||
| 020 | _a977-1446-38-2 | ||
| 040 |
_aJO-AjNU _beng _erda _cJO-AjNU |
||
| 041 | _aeng | ||
| 050 | 1 | 4 | _aPE1127 |
| 100 | 3 |
_aP.L.Sandler تأليف/A.R.Bolitho م.مشارك , _eauthor _92692 |
|
| 245 | 0 | 0 | _aStudy English For Science |
| 250 | _a9 ed | ||
| 264 | 3 | 1 | _aEngland:Longman Group UK Limited,1989 |
| 300 | _a104p | ||
| 336 |
_atext _btxt _2rdacontent |
||
| 337 |
_aunmediated _bn _2rdamedia |
||
| 338 |
_avolume _bnc _2rdacarrier |
||
| 650 | 4 |
_aStudy English For Science-English _92693 |
|
| 999 |
_aE1409 _c1409 _d1409 |
||